Sports Quiz

Random Sports or WWE Quiz

Classic WWF A-Z Quiz Stats

Quiz not verified by Sporcle

Challenge
Share
Tweet
Embed
Score 0/26 Timer 07:00
0 Plays Today
Clue Answer % Correct
This wrestler finished off his opponents with the 'Jacknife' powerbomb.Diesel
93.5%
A former corrections officer from Cobb County, Georgia.Big Boss Man
93.3%
The British Bulldog defeated Owen Heart to become the inaugural holder of this title belt.European Champhionship
91.9%
Began his WWF career as The 1-2-3- Kid.X-Pac
85.9%
'Hacksaw' Jim Duggan was this event's first winner.Royal Rumble
84.8%
Speaking of Bret Hart vs. Shawn Michaels, the controversial ending of Survivor Series 1997 is commonly referred to as this.Montreal Screwjob
84.5%
Made his WWF debut at Survivor Series 1990.Undertaker
83.8%
5-time Tag-Team Champion as a member of both the U.S. Express and Money Inc.Irwin R. Schyster
82.1%
Former 'bodyguard' of Ted DiBiase.Virgil
81.7%
The longest reigning Intercontinental Champion in the company's history.Honky Tonk Man
80.2%
This 'adorable' wrestler had his own talk segment called 'The Flower Shop.'Adrian Adonis
80.1%
Bret Hart defeated Shawn Michaels in this type of match (the first in WWF history) on a 1992 episode of Superstars.Ladder Match
80.1%
Before he was Repo Man, he was a former Tag-Team Champion as a member of Demolition under this name.Smash
80%
Clue Answer % Correct
Native American wrestler who began his career with a rather impressive win-streak.Tatanka
80%
Although billed as being from Japan, this wrestler was actually a member of the famous Anoa'i family.Yokozuna
80%
This wrestler is considered to be the first Intercontinental ChampionPat Patterson
76.5%
Battled Hulk Hogan in a steel cage match following the release of a movie the two had starred in.Zeus
73.8%
This wrestler was accompanied to the ring by his 'handler,' Kim Chee.Kamala
72.8%
Teamed with Brian Knobbs to form The Nasty Boys.Jerry Sags
72.7%
Akeem was known by this name before he discovered his 'African roots.'One Man Gang
72%
One half of the Powers of Pain tag-team, along with The Barbarian.Warlord
71.5%
Former wrestler and long time television commentator.Gorilla Monsoon
71.2%
The Iron Shiek was briefly known by this name when he teamed with Sgt. Slaughter in the early 90's.Colonel Mustafa
61.7%
Former valet of Randy Savage during his 'Macho King' phase.Queen Sherri
58.6%
Real-life brothers Jacques and Raymond were once collectively known as this tag-team.Fabulous Rougeaus
48.8%
One of three venues Wrestlemania 2 was held at.Nassau Veterans Memorial Coliseum
30.4%

You're not logged in!

Compare scores with friends on all Sporcle quizzes.
Join for Free
OR
Log In

You Might Also Like...

Show Comments

Extras

Top Quizzes Today


Score Distribution

Your Account Isn't Verified!

In order to create a playlist on Sporcle, you need to verify the email address you used during registration. Go to your Sporcle Settings to finish the process.

Report this User

Report this user for behavior that violates our Community Guidelines.

Details: